000 00544nam a2200169 4500
003 CO-ViMGA
020 _a9789500600828
040 _aCO-ViMGA
_bspa
_cCO-ViMGA
082 0 4 _a616
_bM41c
100 1 _aMicheli, Federico
_95685
245 1 0 _aConvivir con el sindrome de las piernas inquietas
_cFederico, Micheli
260 _aBuenos Aires. :
_bMedica Panamericana, ;
_c2007.
300 _a90 p. :
_bIl, ; dibujos, ; 19 cm.
500 _aIncluye direcciones Ăștiles en internet.
650 1 4 _aCiencias Medicas, enfermedades.
_95686
942 _2ddc
_cBK
999 _c36036
_d36036